000 00374nam a2200169Ia 4500
001 2612
005 20260306144820.0
008 260306t9999||||xx |||||||||||||| ||spa||
041 _aESP
082 _a617.48092
_bM26
100 _aMarsh, Henry
_eAUT
245 0 _aAnte todo no hagas daƱo
300 _a
_c
650 _aGEN
654 _aCCS
942 _cLIB
_dJUS
_fJUS
_2ddc
_n
999 _c2612
_d2612